000 00528nam a22001817a 4500
005 20240920142145.0
008 240919b |||||||| |||| 00| 0 eng d
020 _a978-93-89294-12-5
041 _aeng
082 _a615.19
100 _aJAYARAMAN, DR.S & OHRI, DR. RICHA. AND VERMA, DR. PANKAJ
_98539
245 _aPHARMACEUTICAL BIOTECHNOLOGY [B.PHARMA. 6TH SEMESTER]
250 _a1ST RE.PRINT ED. 2023
260 _aLUCKNOW
_bTHAKUR PUBLICATION PVT.LTD
300 _a240;P
650 _aPHARMACY
_xB.PHARMA
942 _cBK
999 _c8668
_d8666